000 00787cab a2200253 4500
001 ABS58968
008 090401t1998 xxu||||| |||| 00| 0 eng d
035 _a(Sirsi) u87046
041 _aeng
100 _aBolton, A.
245 _aRisk reshuffle
260 _c1998
350 _a0
490 _aNew Civil Engineer
_v11 June 1998, 16-18(3)
520 _aDiscusses the Government`s rescue deal for the Channel Tunnel Rail Link project. Examines the plan to finance the construction in two phases through the issue of short term bonds.
650 _aCHANNEL TUNNEL RAIL LINK
650 _aEUROSTAR
650 _aLONDON & CONTINENTAL RAILWAYS
650 _aRISK
650 _aSHORT TERM BONDS
690 _aTRANSPORT AND COMMUNICATION
942 _n0
948 _c25/06/1998
999 _c54844
_d54844